000 01181nam a2200385 c 4500
001 19732
003 ES-MaCES
005 20250121040010.0
008 070213s2006 sp d t o000 | spa d
017 _aM 44231-2006
_bDL
024 7 _a207-06-038-8
_2nipo
035 _aCES20070000909m
040 _aES-MaCES
_bspa
_cES-MaCES
245 0 4 _aLas mujeres jóvenes y el trabajo
260 _aMadrid
_bInstituto de la Mujer
_c2006
300 _a159 p.
_bgráf. bl. y n.
_c24 cm
490 1 _aEstudios
_v94
504 _aBibliografía: p. 155-159
541 _cGratuito
650 4 _amujeres
_928657
650 4 _atrabajadora
_928413
650 4 _ajuventud
_928522
650 4 _amercado de trabajo
_928292
650 4 _aempleo de jóvenes
_929982
650 4 _aempleo precario
_930171
650 4 _aordenamiento del tiempo de trabajo
_929205
650 4 _atrabajo no remunerado
_929526
650 4 _aEspaña
_926964
653 1 0 _aMujer
710 2 _aInstituto de la Mujer (España)
_eed.
_94190
830 0 _aEstudios (Instituto de la Mujer (España))
_v94
_932074
902 _aLIB Libro
942 _2CES
_cBK
_h3.3.
999 _c19732
_d19732